000 00570nam a2200193Ia 4500
003 GCL
008 140319s9999 xx 000 0 ara d
040 _aGCL /
_cGCL
082 0 4 _a191
_bز ك
100 1 _aزكى نجيب محمود
245 1 0 _aالكوميديا الارضية /
_cزكى نجيب محمود
250 _aالثالثة
260 _aالقاهرة :
_bدار الشروق ،
_c1989
300 _a278 ص ؛
_c20 سم
490 _a
650 0 4 _aالمقالات العربية
650 0 4 _aالفلسفة النقدية
942 _2ddc
_cBK
999 _c39513
_d39513